| 000 | 00722nam a22002417a 4500 | ||
|---|---|---|---|
| 003 | OSt | ||
| 005 | 20260115095333.0 | ||
| 008 | 220809b ||||| |||| 00| 0 eng d | ||
| 020 | _a9780241392058 | ||
| 020 | _a0241392055 | ||
| 040 | _cSSBUL | ||
| 082 |
_223 _a153.9 |
||
| 100 | 1 |
_aKneebone, Roger _98552 |
|
| 245 | 1 | 0 |
_aExpert : _bunderstanding the path to mastery / _cRoger Kneebone. |
| 260 |
_a[London] : _bPenguin Books, _c2021. ©2020 |
||
| 300 |
_a336 pages ; _c20 cm. |
||
| 500 | _aS-KN: Ashin Khemānanda | ||
| 500 | _a"First published by Viking 2020."--Title page verso | ||
| 650 |
_aExpertise. _98553 |
||
| 650 |
_aSpecialists. _98554 |
||
| 650 |
_98553 _aAssessment and Intelligence |
||
| 942 |
_cBK1 _2ddc |
||
| 999 |
_c7435 _d7435 |
||